Thực hiện các công ước cơ bản của tổ chức lao động quốc tế (ILO) tại Việt Nam - Cơ hội và thách thức : Sách tham khảo

Sách giới thiệu nguồn gốc, sự ra đời của luật lao động quốc tế, các tiêu chuẩn lao động quốc tế cơ bản và các công ước lao động quốc tế cơ bản, chuyển hóa và thi hành các công ước quốc tế....

Deskribapen osoa

Gorde:
Xehetasun bibliografikoak
Egile nagusia: Phạm, Trọng Nghĩa
Formatua: Liburua
Hizkuntza:Undetermined
Argitaratua: Hà Nội Chính trị Quốc gia 2014
Gaiak:
Etiketak: Etiketa erantsi
Etiketarik gabe, Izan zaitez lehena erregistro honi etiketa jartzen!
Thư viện lưu trữ: Trung tâm Học liệu Trường Đại học Cần Thơ
LEADER 01059nam a2200217Ia 4500
001 CTU_199781
008 210402s9999 xx 000 0 und d
020 |c 37000 
082 |a 341.026 
082 |b Ngh301 
100 |a Phạm, Trọng Nghĩa 
245 0 |a Thực hiện các công ước cơ bản của tổ chức lao động quốc tế (ILO) tại Việt Nam - Cơ hội và thách thức : 
245 0 |b Sách tham khảo 
245 0 |c Phạm Trọng Nghĩa 
260 |a Hà Nội 
260 |b Chính trị Quốc gia 
260 |c 2014 
520 |a Sách giới thiệu nguồn gốc, sự ra đời của luật lao động quốc tế, các tiêu chuẩn lao động quốc tế cơ bản và các công ước lao động quốc tế cơ bản, chuyển hóa và thi hành các công ước quốc tế. 
650 |a International law,Luật quốc tế 
904 |i Hải 
980 |a Trung tâm Học liệu Trường Đại học Cần Thơ